Master the GMAT CAT 2004 / (Record no. 1268)

MARC details
000 -LEADER
fixed length control field 00632nac a22001811u 4500
008 - FIXED-LENGTH DATA ELEMENTS--GENERAL INFORMATION
fixed length control field 110630s2004 nju|||||r|||| 001 0 eng d
020 ## - INTERNATIONAL STANDARD BOOK NUMBER
International Standard Book Number 0768912024
020 ## - INTERNATIONAL STANDARD BOOK NUMBER
International Standard Book Number 9780768912029
082 ## - DEWEY DECIMAL CLASSIFICATION NUMBER
Classification number 650.076
Item number MAR
Edition number 22
100 ## - MAIN ENTRY--PERSONAL NAME
Personal name Martinson, Thomas H.
9 (RLIN) 25991
245 10 - TITLE STATEMENT
Title Master the GMAT CAT 2004 /
Statement of responsibility, etc Thomas H. Martinson.
260 ## - PUBLICATION, DISTRIBUTION, ETC. (IMPRINT)
Place of publication, distribution, etc Lawrenceville, NJ. :
Name of publisher, distributor, etc Thomson Learning, 2004
Date of publication, distribution, etc 2004.
300 ## - PHYSICAL DESCRIPTION
Extent 628 p. ;
Dimensions 28 cm. +
Accompanying material 1 CD-ROM (4 3/4 in.)
650 ## - SUBJECT ADDED ENTRY--TOPICAL TERM
Topical term or geographic name as entry element Management
Form subdivision Study guides
9 (RLIN) 25990
General subdivision Examinations
653 ## - INDEX TERM--UNCONTROLLED
Resource For college
650 ## - SUBJECT ADDED ENTRY--TOPICAL TERM
9 (RLIN) 25992
Topical term or geographic name as entry element Graduate Management Admission Test
Form subdivision Study guides
942 ## - ADDED ENTRY ELEMENTS (KOHA)
Item type Book - Borrowing
Call number prefix 650.076 M3867
Source of classification or shelving scheme Dewey Decimal Classification
Holdings
Withdrawn status Item status Source of classification or shelving scheme Damaged status Not for loan Vendor Home library Current library Shelving location Date acquired Source of acquisition Cost, normal purchase price Total Checkouts Total Renewals Full call number Barcode Date last seen Date last borrowed Cost, replacement price Koha item type
    Dewey Decimal Classification       Central Library Central Library First floor 12/06/2007   140.00 12 21 650 MAR 000003207 15/07/2025 26/07/2018 175.00 Book - Borrowing
    Dewey Decimal Classification       Central Library Central Library First floor 04/10/2009   140.00 3 3 650.076 MAR 000018311 24/08/2022 15/03/2016 175.00 CD | DVD - With book